[Event "Summer Cup"]
[Site "Wellington Chess Club"]
[Date "2016.02.25"]
[Round "6"]
[White "Konakanchi, Karthik"]
[Black "Theodosiou, Andreas"]
[Result "1-0"]
[WhiteElo "1332"]
[BlackElo "1480"]

1. e4 e5 2. Nf3 Nc6 3. Bc4 Nf6 4. Nc3 Bc5 5. O-O O-O 6. d3 Re8 7. Bg5 Be7 8. d4
exd4 9. Nxd4 Ne5 10. Bb3 d6 11. Bxf6 Bxf6 12. Qh5 g6 13. Qe2 c6 14. Nf3 a5 15.
Rad1 b6 16. Nxe5 Bxe5 17. Qf3 Qe7 18. a4 Rf8 19. Qe3 c5 20. Nd5 Qh4 21. h3 Bd4
22. Qf3 Qd8 23. c3 Be5 24. Ne3 Kh8 25. Ng4 f5 26. Nxe5 fxe4 27. Qxe4 Bf5 28.
Qe3 Qf6 29. Nc4 Rae8 30. Qg3 Re2 31. Rde1 Rfe8 32. Nxd6 Rxe1 33. Nxe8 Rxf1+ 34.
Kxf1 1-0

[Event "Summer Cup"]
[Site "Wellington Chess Club"]
[Date "2016.02.25"]
[Round "6"]
[White "Nijman, Brian"]
[Black "Barraza, Jesse"]
[Result "0-1"]
[WhiteElo "2158"]
[BlackElo "1757"]

1. d4 c5 2. Nf3 cxd4 3. Nxd4 d5 4. g3 Nc6 5. Bg2 e5 6. Nxc6 bxc6 7. c4 Be6 8.
Nc3 Bb4 9. O-O Bxc3 10. bxc3 Nf6 11. Qa4 O-O 12. Ba3 Re8 13. Rfd1 Qc8 14. Rd2
Ne4 15. Bxe4 dxe4 16. Bc5 Bh3 17. Rad1 Qg4 18. Qxc6 h5 19. f3 exf3 20. Qxf3
Qxc4 21. Qxh5 Qxc5+ 22. Rd4 Rac8 23. Qxh3 exd4 24. cxd4 Qc2 25. Rf1 Qxe2 26.
Qd7 Qe3+ 27. Kh1 Qe7 28. Qa4 Qe2 0-1

[Event "Summer Cup"]
[Site "Wellington Chess Club"]
[Date "2016.02.25"]
[Round "6"]
[White "Pomeroy, Arthur"]
[Black "Timergazi, Layla"]
[Result "1-0"]
[WhiteElo "2133"]
[BlackElo "2149"]

1. e4 c6 2. d4 d5 3. e5 c5 4. dxc5 Nc6 5. Nf3 Bg4 6. Bb5 e6 7. Be3 Ne7 8. c3
Qc7 9. Bd4 Ng6 10. Nbd2 Be7 11. h3 Bxf3 12. Nxf3 O-O 13. Bxc6 Qxc6 14. b4 f6
15. O-O fxe5 16. Nxe5 Nxe5 17. Bxe5 Rf5 18. Qd4 Bf6 19. Bxf6 gxf6 20. f4 Kh8
21. Rae1 Rg8 22. Re2 Rg3 23. Rfe1 Qa6 24. Rxe6 Qxa2 25. R6e2 Qa6 26. Qf2 Rg8
27. Re8 Qd3 28. Rxg8+ Kxg8 29. g4 1-0

[Event "Summer Cup"]
[Site "Wellington Chess Club"]
[Date "2016.02.25"]
[Round "6"]
[White "Rose, Nathan"]
[Black "Stracy, Don"]
[Result "0-1"]
[WhiteElo "1407"]
[BlackElo "1756"]

1. e4 c5 2. Nf3 e6 3. c3 Nc6 4. d4 cxd4 5. cxd4 d6 6. Nc3 Nf6 7. Be2 Be7 8. O-O
O-O 9. Be3 a6 10. Rc1 Re8 11. Bg5 h6 12. Bh4 Bd7 13. a3 Rc8 14. Qd3 b5 15. b4
Nh5 16. Bg3 Nxg3 17. fxg3 Bf6 18. Bd1 Qb6 19. Ne2 Nxd4 20. Nfxd4 Rxc1 21. Nxc1
Qxd4+ 22. Kh1 Qxd3 23. Nxd3 Rc8 24. Be2 Rc3 25. h4 Rxa3 26. Kh2 Ra1 27. Rf3 Bc6
28. Rf4 Ra2 29. Bh5 e5 30. Rf2 Rxf2 31. Nxf2 d5 32. exd5 Bxd5 33. Bf3 Bxf3 34.
gxf3 Kf8 35. Nd3 Ke7 36. Nc5 Kd6 37. Nxa6 Kc6 38. Nc5 Be7 39. Nd3 Kd5 40. Kg2
Kd4 0-1

[Event "Summer Cup"]
[Site "Wellington Chess Club"]
[Date "2016.02.25"]
[Round "6"]
[White "Sellen, Ian"]
[Black "Sole, Michael"]
[Result "1-0"]
[WhiteElo "2092"]
[BlackElo "1655"]

1. c4 e5 2. Nc3 Nf6 3. g3 Nc6 4. Bg2 g6 5. d3 Bg7 6. Nf3 O-O 7. O-O Re8 8. e4
d6 9. Be3 Be6 10. Re1 Ne7 11. Qe2 c5 12. Rab1 Nc6 13. a3 Rb8 14. b4 b6 15. Ng5
Bd7 16. Nd5 Nd4 17. Qd2 Nxd5 18. exd5 Nf5 19. Ne4 Nxe3 20. fxe3 Bc8 21. bxc5
dxc5 22. Nxc5 Qd6 23. Ne4 Qxa3 24. c5 Qa4 25. Ra1 Qd7 26. c6 Qc7 27. d6 1-0

[Event "Summer Cup"]
[Site "Wellington Chess Club"]
[Date "2016.02.25"]
[Round "6"]
[White "Thomas, Ben"]
[Black "Kulkarni, Yogesh"]
[Result "0-1"]
[WhiteElo "2203"]
[BlackElo "1430"]

1. e4 c6 2. d4 d5 3. e5 Bf5 4. Nf3 h6 5. Be2 e6 6. Nbd2 c5 7. c3 Nc6 8. O-O Qb6
9. dxc5 Bxc5 10. Nb3 Nge7 11. Nxc5 Qxc5 12. Be3 Qa5 13. Re1 O-O 14. b4 Qc7 15.
Bc5 Rfd8 16. Bd6 Qd7 17. b5 Na5 18. Nd4 Rac8 19. Qa4 Nc4 20. Bxe7 Qxe7 21. f4
Be4 22. Bxc4 Rxc4 23. Qxa7 Qh4 24. Ne2 Qg4 25. Qf2 Bd3 26. h3 Qg6 27. Rac1 Rdc8
28. g4 Bxe2 29. Rxe2 Rxc3 30. Rxc3 Rxc3 31. Kh2 Qd3 32. Qg2 Qxb5 33. f5 Qd3 0-1

[Event "Summer Cup"]
[Site "Wellington Chess Club"]
[Date "2016.02.25"]
[Round "6"]
[White "Wight, Joshua"]
[Black "Jackson, Ross"]
[Result "1/2-1/2"]
[WhiteElo "2003"]
[BlackElo "1522"]

1. e4 c5 2. Nc3 Nc6 3. f4 a6 4. Nf3 b5 5. a3 e6 6. Ne2 Nf6 7. e5 Nd5 8. c3 d6
9. d4 Bb7 10. g3 cxd4 11. cxd4 Na5 12. Bg2 Nc4 13. Nc3 Nde3 14. Bxe3 Nxe3 15.
Qe2 Nxg2+ 16. Qxg2 dxe5 17. dxe5 Qd3 18. Rf1 Bc5 19. Rd1 Qe3+ 20. Qe2 Qxe2+ 21.
Kxe2 Ke7 22. b4 Bb6 23. Rd2 Rad8 24. Rfd1 Rxd2+ 25. Rxd2 Rd8 26. Rxd8 Bxd8 27.
a4 bxa4 28. Nxa4 Bc6 29. Nc5 Bb5+ 30. Kd2 Bb6 31. Nd4 Be8 32. Ndb3 f6 33. h4
fxe5 34. fxe5 Bc7 35. Nd3 Bb5 36. Nbc5 a5 37. bxa5 Bxa5+ 38. Ke3 Bc3 39. g4 Bc4
40. h5 h6 41. Kf4 Bd2+ 42. Kf3 Bd5+ 43. Ke2 Bg5 44. Nf2 Kf7 45. Ncd3 Bg2 46.
Ne1 Bd5 47. Nh3 Bc1 48. Nd3 Bc4 49. Kd1 Bxd3 50. Kxc1 g6 51. Kd2 Bf1 52. Nf2
Bg2 53. Ke3 g5 54. Kd4 Ke7 55. Kc5 Bf3 1/2-1/2

[Event "Summer Cup"]
[Site "Wellington Chess Club"]
[Date "2016.02.26"]
[Round "6"]
[White "Nyberg, Michael"]
[Black "Cunningham, Patrick"]
[Result "1-0"]
[WhiteElo "2069"]
[BlackElo "1666"]

1. c4 Nf6 2. g3 e5 3. Bg2 Bc5 4. d3 O-O 5. Nc3 d6 6. Nf3 Nc6 7. O-O Be6 8. a3
Qd7 9. Ng5 Bg4 10. Nge4 Nxe4 11. Nxe4 Nd4 12. Nc3 c6 13. Rb1 Bh3 14. e3 Bxg2
15. Kxg2 Ne6 16. b4 Bb6 17. h4 Rad8 18. e4 Bd4 19. Ne2 f5 20. Bb2 Bxb2 21. Rxb2
f4 22. gxf4 exf4 23. f3 Qe7 24. Rh1 Qf6 25. Rb1 Nd4 26. Kf2 c5 27. Qd2 Qg6 28.
Rbg1 Qh5 29. Rg4 Nxf3 30. Kxf3 Rf6 31. Qe1 Rdf8 32. Qg1 Kh8 33. Qg2 Rg6 34. Rg1
Rff6 35. b5 b6 36. Nc3 Qe5 37. Nd5 Qd4 38. Qe2 Qxg1 39. Rxg1 Rxg1 40. Nxf6 gxf6
41. Kxf4 Ra1 42. Kf5 Rxa3 43. Kxf6 Ra1 44. Kf7 Rg1 45. Qb2+ 1-0

[Event "Summer Cup"]
[Site "Wellington Chess Club"]
[Date "2016.03.10"]
[Round "7"]
[White "Asher, Bruce"]
[Black "Collings, Alex"]
[Result "1-0"]
[WhiteElo "1419"]
[BlackElo "991"]

1. e4 e5 2. Nf3 Nc6 3. Bc4 Nf6 4. Nc3 Bc5 5. d3 O-O 6. Bg5 h6 7. Bxf6 Qxf6 8.
Nd5 Qd6 9. h3 Nd4 10. O-O c6 11. Ne3 b5 12. Bb3 Nxb3 13. Nf5 Qe6 14. axb3 d5
15. Ra5 Bb4 16. Ra2 Rd8 17. N3h4 dxe4 18. Qg4 g6 19. Nxh6+ 1-0

[Event "Summer Cup"]
[Site "Wellington Chess Club"]
[Date "2016.03.10"]
[Round "7"]
[White "Barraza, Jesse"]
[Black "Ker, Anthony"]
[Result "0-1"]
[WhiteElo "1757"]
[BlackElo "2435"]

1. e4 d6 2. d4 Nf6 3. Nc3 g6 4. Be3 a6 5. a4 b6 6. Bd3 c5 7. d5 Bg7 8. Qd2 O-O
9. Bh6 e6 10. Bxg7 Kxg7 11. Nge2 Qc7 12. b3 exd5 13. Nxd5 Nxd5 14. exd5 Re8 15.
O-O Nd7 16. c4 Ne5 17. Bc2 Qe7 18. Rae1 Qh4 19. Qf4 Qxf4 20. Nxf4 Ra7 21. Nxg6
hxg6 22. f4 Rae7 23. fxe5 Rxe5 24. Rxe5 Rxe5 25. Kf2 Bg4 26. Re1 Kf6 27. Re3 g5
28. g3 Rxe3 29. Kxe3 Bh3 30. Bh7 Ke5 31. Bg8 f5 32. Be6 Bg4 33. Kd3 Bd1 34. Bd7
Bxb3 35. h4 gxh4 36. gxh4 Bd1 37. Be8 Kf4 38. h5 Kg5 39. Ke3 Bxh5 40. Bxh5 Kxh5
41. Kf4 Kg6 0-1

[Event "Summer Cup"]
[Site "Wellington Chess Club"]
[Date "2016.03.10"]
[Round "7"]
[White "Cunningham, Patrick"]
[Black "Scarlett, William"]
[Result "1-0"]
[WhiteElo "1666"]
[BlackElo "1336"]

{fa} 1. d4 d5 2. Nf3 Bg4 3. e3 Nf6 4. Be2 Nc6 5. O-O Qd7 6. Nc3 O-O-O 7. Bd2 a6
8. a3 Kb8 9. b4 Bxf3 10. Bxf3 e5 11. dxe5 Nxe5 12. Qe2 d4 13. Ne4 d3 14. cxd3
Nxf3+ 15. Qxf3 Qxd3 16. Nxf6 Qxd2 17. Rad1 Qxd1 18. Rxd1 Rxd1+ 19. Qxd1 gxf6
20. Qd8+ Ka7 21. Kf1 1-0

[Event "Summer Cup"]
[Site "Wellington Chess Club"]
[Date "2016.03.10"]
[Round "7"]
[White "Dive, Russell"]
[Black "Nyberg, Michael"]
[Result "1-0"]
[WhiteElo "2441"]
[BlackElo "2069"]

1. Nf3 Nf6 2. c4 c6 3. b3 g6 4. Bb2 Bg7 5. g3 O-O 6. Bg2 Na6 7. O-O Nc7 8. Qc2
b5 9. e4 bxc4 10. bxc4 a5 11. e5 Ng4 12. h3 Nh6 13. Re1 Rb8 14. d4 d5 15. Nbd2
Bf5 16. Qc3 dxc4 17. Nxc4 Nd5 18. Qd2 Nb4 19. Ne3 Be4 20. Bc3 Nd3 21. Bxa5 Qc8
22. Re2 Rb2 23. Qd1 Qa6 24. Rxb2 Nxb2 25. Qd2 Rb8 26. Bc3 Na4 27. Bb4 Qb7 28.
Ba3 c5 29. Ne1 cxd4 30. Qxd4 Bxg2 31. N1xg2 Qb5 32. f4 Bf8 33. Rc1 Nb6 34. Rc7
Qb1+ 35. Kh2 Qxa2 36. Bxe7 Nf5 37. Nxf5 Nd5 38. Ra7 Qe2 39. Bxf8 1-0

[Event "Summer Cup"]
[Site "Wellington Chess Club"]
[Date "2016.03.10"]
[Round "7"]
[White "Forster, Bill"]
[Black "Wight, Joshua"]
[Result "1-0"]
[WhiteElo "2094"]
[BlackElo "1522"]

1. d4 d5 2. c4 c6 3. Nc3 Nf6 4. Nf3 Bf5 5. Bg5 Ne4 6. Qb3 Qd7 7. cxd5 Nxc3 8.
dxc6 Nxc6 9. bxc3 Rd8 10. e3 f6 11. Bh4 e5 12. Be2 Be6 13. Qa4 Bd6 14. O-O Qc7
15. e4 exd4 16. cxd4 Bd7 17. Rac1 Qb8 18. Qb3 Bg4 19. e5 Be7 20. exf6 gxf6 21.
Bg3 Bd6 22. Ng5 fxg5 23. Bxg4 Bxg3 24. Qe6+ Kf8 25. Qf6+ Ke8 26. Qxh8+ Ke7 27.
Qg7+ Kd6 28. fxg3 Qc7 29. Rf6+ Kd5 1-0

[Event "Summer Cup"]
[Site "Wellington Chess Club"]
[Date "2016.03.10"]
[Round "7"]
[White "Jackson, Ross"]
[Black "Brockway, Andrew"]
[Result "0-1"]
[WhiteElo "2027"]
[BlackElo "1777"]

1.d4 Nf6 2.c4 e6 3.Nf3 Bb4+ 4.Nc3 b6 5.Bg5 Bb7 6.e3 h6 7.Bh4 Bxc3+ 8.bxc3 d6
9.Nd2 Nbd7 10.f3 g5 11.Bf2 e5 12.Bd3 Qe7 13.O-O e4 14.fxe4 Nxe4 15.Nxe4 Bxe4
16.Bxe4 Qxe4 17.Qf3 Qxf3 18.gxf3 f5 19.e4 f4 20.Rab1 a6 21.a4 Kf7 22.a5 Rhb8
23.h4 Rg8 24.hxg5 Rxg5+ 25.Kh2 Rh5+ 0-1

[Event "Summer Cup"]
[Site "Wellington Chess Club"]
[Date "2016.03.10"]
[Round "7"]
[White "Kulkarni, Yogesh"]
[Black "Wastney, Scott"]
[Result "0-1"]
[WhiteElo "1430"]
[BlackElo "2434"]

1. c4 e6 2. d4 Nf6 3. Nc3 Bb4 4. Qc2 d5 5. cxd5 exd5 6. Bg5 h6 7. Bxf6 Qxf6 8.
e3 Bf5 9. Qb3 Nc6 10. Nf3 O-O 11. Be2 Rfd8 12. O-O Qe6 13. Rac1 Rab8 14. Nb5
Ba5 15. Qa4 Bb6 16. Nc3 Ne7 17. Ne5 c6 18. b4 a6 19. Qb3 Bc7 20. Nf3 Qd6 21. h3
Ng6 22. g4 Be4 23. Ne5 Nxe5 24. dxe5 Qxe5 25. f4 Qe7 26. Nxe4 Qxe4 27. Bf3 Qe7
28. a4 d4 29. exd4 Rxd4 30. b5 axb5 31. axb5 Bxf4 32. bxc6 bxc6 33. Qc2 Qe3+
34. Kh1 Rd2 0-1

[Event "Summer Cup"]
[Site "Wellington Chess Club"]
[Date "2016.03.10"]
[Round "7"]
[White "Meravanage, Satwik"]
[Black "Konakanchi, Karthik"]
[Result "1-0"]
[WhiteElo "1378"]
[BlackElo "1332"]

1. e4 e5 2. Nc3 Nf6 3. f4 Nc6 4. fxe5 Nxe5 5. d4 Nc6 6. e5 Ne4 7. Nxe4 Qh4+ 8.
Ng3 Nxd4 9. Nf3 Nxf3+ 10. Qxf3 d6 11. Qh5 Qd4 12. exd6 Bxd6 13. Qb5+ c6 14. Qd3
Qf6 15. Ne4 Qh4+ 16. g3 Bxg3+ 17. Nxg3 O-O 18. Qe4 Qxe4+ 19. Nxe4 Re8 20. Bd3
f5 21. Be3 fxe4 22. Bc4+ Be6 23. Bxe6+ Rxe6 24. O-O-O b5 25. Rd4 a5 26. Rhd1
Ree8 27. Re1 b4 28. Bf4 e3 29. Rxe3 Rxe3 30. Bxe3 c5 31. Rc4 a4 32. Bxc5 b3 33.
cxb3 axb3 34. a4 Rc8 35. Kd2 g5 36. Kc3 h5 37. Kxb3 g4 38. Bd6 Rd8 39. Bg3 Kg7
40. Kc3 Kg6 41. Rc5 Rh8 42. b4 h4 43. Bf4 Rf8 44. Rg5+ Kf6 45. Rxg4 1-0

[Event "Summer Cup"]
[Site "Wellington Chess Club"]
[Date "2016.03.10"]
[Round "7"]
[White "Rossiter, Philip"]
[Black "Croad, Nicolas"]
[Result "0-1"]
[WhiteElo "1888"]
[BlackElo "2406"]

1. e4 c5 2. Nc3 Nc6 3. Nge2 Nf6 4. g3 g6 5. Bg2 Bg7 6. d3 d6 7. h3 Rb8 8. Be3
b5 9. Qd2 b4 10. Nd1 O-O 11. O-O Nd7 12. c3 bxc3 13. Ndxc3 Nd4 14. f4 e6 15.
Rab1 Ba6 16. g4 f5 17. g5 Qa5 18. Ng3 fxe4 19. Ngxe4 Nf5 0-1

[Event "Summer Cup"]
[Site "Wellington Chess Club"]
[Date "2016.03.10"]
[Round "7"]
[White "Stracy, Don"]
[Black "Sellen, Ian"]
[Result "0-1"]
[WhiteElo "1756"]
[BlackElo "2092"]

1. e4 e6 2. d4 d5 3. Nd2 Nf6 4. e5 Nfd7 5. f4 c5 6. c3 Nc6 7. Ndf3 Be7 8. Bd3
f5 9. Ne2 Qb6 10. a3 a5 11. b3 Qc7 12. O-O Nb6 13. Bd2 Bd7 14. Kh1 O-O 15. dxc5
Bxc5 16. Ned4 Bxd4 17. Nxd4 Nxd4 18. cxd4 Nc8 19. g4 Ne7 20. Rc1 Qb6 21. Be3 g6
22. g5 Bb5 23. Rc5 Bxd3 24. Qxd3 Rfc8 25. Rfc1 Rc6 26. Rxc6 Nxc6 27. Rc5 Qa6
28. Qxa6 Rxa6 29. Rb5 b6 30. a4 Na7 31. Bd2 Nxb5 32. axb5 Ra8 33. Kg2 Rc8 34.
Kf3 Rc2 35. Ke3 Rb2 36. Kd3 Rxb3+ 0-1

[Event "Summer Cup"]
[Site "Wellington Chess Club"]
[Date "2016.03.16"]
[Round "8"]
[White "Wastney, Scott"]
[Black "Dive, Russell"]
[Result "1/2-1/2"]
[WhiteElo "2434"]
[BlackElo "2441"]

1. e4 c6 2. d4 d5 3. Nd2 dxe4 4. Nxe4 Nd7 5. Nf3 Ngf6 6. Nxf6+ Nxf6 7. c3 Bg4
8. h3 Bh5 9. g4 Bg6 10. Ne5 Nd7 11. Nxg6 hxg6 12. d5 Qc7 13. Bg2 cxd5 14. Qxd5
Rb8 15. Qd4 e6 16. Be3 b6 17. Bf4 e5 18. O-O-O exf4 19. Rhe1+ Kd8 20. Re2 f3
21. Bxf3 Bc5 22. Qd3 Re8 23. Red2 Re7 24. Qb5 Rc8 25. Kb1 a5 26. b4 axb4 27.
cxb4 Bd4 28. Rxd4 Qc2+ 1/2-1/2

[Event "Summer Cup"]
[Site "Wellington Chess Club"]
[Date "2016.03.17"]
[Round "8"]
[White "Jackson, Ross"]
[Black "Hill, Ryan"]
[Result "1-0"]
[WhiteElo "2003"]
[BlackElo "1663"]

1. d4 d6 2. e4 c6 3. Nf3 Bg4 4. Be2 Qc7 5. O-O e5 6. Be3 Nf6 7. Nbd2 Nbd7 8. c3
d5 9. exd5 Nxd5 10. Bg5 Bd6 11. Nxe5 Bxe2 12. Qxe2 Nxe5 13. dxe5 Bc5 14. c4 Nb4
15. Nb3 Be7 16. Bxe7 Qxe7 17. a3 Na6 18. Qg4 g6 19. Rfe1 O-O 20. Qd4 c5 21. Qc3
Nc7 22. Nd2 Ne6 23. Ne4 Nd4 24. Nf6+ Kg7 25. Qh3 h5 26. Rad1 Rad8 27. Rd3 Nc6
28. Nd5 Qe6 29. Qe3 Nd4 30. Rd2 b6 31. b4 Nf5 32. Qc3 Kh6 33. Re4 f6 34. Nxf6
1-0

[Event "Summer Cup"]
[Site "Wellington Chess Club"]
[Date "2016.03.17"]
[Round "8"]
[White "Nyberg, Michael"]
[Black "Farrington, Lawrence"]
[Result "1-0"]
[WhiteElo "2069"]
[BlackElo "1851"]

1. d4 d5 2. c4 Nc6 3. Nc3 dxc4 4. d5 Na5 5. e4 e5 6. Nf3 Bg4 7. Qa4+ c6 8. Nxe5
Bd7 9. Nxd7 Qxd7 10. Qxa5 b6 11. dxc6 Qxc6 12. Qd5 Rc8 13. Qxc6+ Rxc6 14. Bg5
f6 15. Bf4 Bb4 16. Be2 Ne7 17. O-O O-O 18. Nd5 Nxd5 19. exd5 Rcc8 20. a3 Bc5
21. Rac1 b5 22. b4 Bd4 23. Rc2 Rcd8 24. Bf3 g5 25. Bc7 Rd7 26. d6 Bb6 27. Bc6
Bxc7 28. Bxd7 Bxd6 29. Bxb5 1-0

[Event "Summer Cup"]
[Site "Wellington Chess Club"]
[Date "2016.03.17"]
[Round "8"]
[White "Proctor, Matthew"]
[Black "Konakanchi, Pramodh"]
[Result "1-0"]
[WhiteElo "1458"]
[BlackElo "1161"]

1. e4 e5 2. Nf3 Nc6 3. Bc4 h6 4. c3 Nf6 5. d4 exd4 6. e5 Ne4 7. cxd4 Bb4+ 8.
Bd2 Bxd2+ 9. Nbxd2 Nxd2 10. Qxd2 O-O 11. d5 Ne7 12. g4 Ng6 13. h4 d6 14. g5
dxe5 15. gxh6 gxh6 16. Qxh6 Qd6 17. Ng5 Qb4+ 1-0

[Event "Summer Cup"]
[Site "Wellington Chess Club"]
[Date "2016.03.17"]
[Round "8"]
[White "Sellen, Ian"]
[Black "Thomas, Ben"]
[Result "1/2-1/2"]
[WhiteElo "2092"]
[BlackElo "2230"]

1. c4 e6 2. g3 f5 3. Bg2 Nf6 4. Nc3 Be7 5. d4 O-O 6. e3 d5 7. Nge2 c6 8. b3 Ne4
9. O-O Nd7 10. Qc2 Ndf6 11. f3 Nxc3 12. Qxc3 b6 13. Rd1 Ba6 14. Nf4 Qd7 15. e4
Rac8 16. exf5 exf5 17. Be3 Bd6 18. Nd3 dxc4 19. bxc4 Qe6 20. Nb2 f4 21. Bf2
fxg3 22. hxg3 Nh5 23. Re1 Qg6 24. f4 Bxf4 25. gxf4 Nxf4 26. Bg3 h5 27. Bxf4
Rxf4 28. Qe3 Rcf8 29. Qe6+ Qxe6 30. Rxe6 Rxd4 31. Rxc6 Rfd8 32. Bd5+ Kh8 33.
Rg6 Kh7 34. Rg2 b5 35. Rc1 bxc4 36. Bxc4 Bb7 37. Rg3 h4 38. Bd3+ Kh8 39. Rg5
R8d7 40. Rc4 Kg8 41. Rg4 Rxg4+ 42. Rxg4 h3 43. Be4 Bxe4 44. Rxe4 Rd2 45. Rb4
1/2-1/2

[Event "Summer Cup"]
[Site "Wellington Chess Club"]
[Date "2016.03.17"]
[Round "8"]
[White "Stoeveken, Peter"]
[Black "Barraza, Jesse"]
[Result "0-1"]
[WhiteElo "1943"]
[BlackElo "1757"]

1. d4 c5 2. dxc5 e5 3. e4 Bxc5 4. Bc4 Nf6 5. Nc3 d6 6. Nf3 O-O 7. O-O a6 8. Bg5
Nbd7 9. Nd5 b5 10. Bd3 Bb7 11. Qe2 Bxd5 12. exd5 Qc7 13. Be4 Nxe4 14. Qxe4 f5
15. Qe2 Rae8 16. Be3 Qd8 17. a4 e4 18. Nd4 Bxd4 19. Bxd4 Qg5 20. f4 exf3 21.
Qxf3 Ne5 22. Bxe5 dxe5 23. axb5 e4 24. Qb3 axb5 25. d6+ Kh8 26. d7 Rd8 27. Qxb5
Rb8 28. Qe5 Qf6 29. Qxf6 Rxf6 30. Rad1 Rd8 31. Rd5 g6 32. c4 Kg7 33. c5 Kf7 34.
Rfd1 e3 35. Kf1 Re6 36. Ke2 f4 37. b4 Ra6 38. Kf3 Re6 39. Re1 Ke7 40. Kxf4 e2
41. Re5 Rf8+ 42. Ke4 Rxe5+ 43. Kxe5 Kxd7 44. Rxe2 Re8+ 0-1

[Event "Summer Cup"]
[Site "Wellington Chess Club"]
[Date "2016.03.17"]
[Round "8"]
[White "Stone, Andrew"]
[Black "Cunningham, Patrick"]
[Result "1-0"]
[WhiteElo "2063"]
[BlackElo "1666"]

1. e4 e5 2. Nf3 Nc6 3. d4 exd4 4. Bc4 Nf6 5. O-O Nxe4 6. Re1 d5 7. Bxd5 Qxd5 8.
Nc3 Qh5 9. Nxe4 Be7 10. Bg5 O-O 11. Bxe7 Nxe7 12. Nxd4 Qg6 13. Ng3 Nf5 14.
Ndxf5 Bxf5 15. Nxf5 Qxf5 16. Re7 Rad8 17. Qe2 Qf6 18. c3 Qd6 19. Re1 h6 20. h3
Qf4 21. Re4 Qd2 22. Qb5 b6 23. R4e2 Qd6 24. Re7 c6 25. Qh5 Qd2 26. R7e2 Qd6 27.
b3 Qf6 28. c4 c5 29. Qe5 Qxe5 30. Rxe5 Rd2 31. R1e2 Rd1+ 32. Kh2 Rfd8 33. Re7
R1d2 34. Rxd2 Rxd2 35. Rxa7 Rxf2 36. Kg3 Rb2 37. Ra6 Kh7 38. Rxb6 Rxa2 39. Kf3
Rb2 40. g4 f6 41. Rb5 Kg6 42. h4 Kf7 43. Rxc5 Rxb3+ 44. Ke4 g5 45. Rc7+ Ke6 46.
Rc6+ Kf7 47. Rc7+ Ke6 48. Rc6+ Ke7 49. hxg5 hxg5 50. Rc7+ Kd6 51. Rf7 Ke6 52.
Ra7 Rg3 53. Ra6+ Kf7 54. Ra7+ Kg6 55. c5 Rxg4+ 56. Kd5 Rg1 57. c6 Kf5 58. c7
Rd1+ 59. Kc6 Ke6 60. c8=Q+ 1-0

[Event "Summer Cup"]
[Site "Wellington Chess Club"]
[Date "2016.03.17"]
[Round "8"]
[White "Timergazi, Layla"]
[Black "Baker, Jack"]
[Result "1-0"]
[WhiteElo "2149"]
[BlackElo "1588"]

1. e4 e5 2. Nf3 f5 3. exf5 e4 4. Ne5 d6 5. Qh5+ g6 6. Nxg6 Nf6 7. Qh3 hxg6 8.
Qxh8 Bxf5 9. b3 Nbd7 10. Bb2 Qe7 11. Nc3 e3 12. fxe3 Bxc2 13. Rc1 Bf5 14. Nb5
Nd5 15. Nxc7+ Nxc7 16. Rxc7 Qe4 17. Qd4 Be7 18. Qxe4 Bxe4 19. Bb5 Bh4+ 20. Kd1
a6 21. Rxd7 axb5 22. Rh7 Rxa2 23. Rxh4 Bxg2 24. Rg1 Bf3+ 25. Kc1 Bh5 26. Re4+
Kd7 27. Rf1 g5 28. Rb4 Kc6 29. Rf5 d5 30. Rxg5 Kc5 31. Rf4 Be2 32. Rg6 Bd3 33.
b4# 1-0

[Event "Summer Cup"]
[Site "Wellington Chess Club"]
[Date "2016.03.17"]
[Round "8"]
[White "Wight, Joshua"]
[Black "Stracy, Don"]
[Result "0-1"]
[WhiteElo "1522"]
[BlackElo "1756"]

1. e4 c5 2. f4 Nc6 3. Nf3 g6 4. Nc3 Bg7 5. Bb5 Nd4 6. Nxd4 cxd4 7. Ne2 Qb6 8.
Bd3 d5 9. exd5 Nf6 10. c4 dxc3 11. dxc3 Nxd5 12. Qc2 e6 13. Bd2 Bd7 14. O-O-O
O-O 15. g4 Rac8 16. g5 Nb4 17. Qb1 Nxd3+ 18. Qxd3 Bb5 19. Qf3 Bc6 20. Be3 Bxf3
21. Bxb6 Bxh1 22. Rxh1 axb6 0-1

[Event "Autumn Cup"]
[Site "Wellington Chess Club"]
[Date "2016.04.21"]
[Round "1"]
[White "Asher, Bruce"]
[Black "Proctor, Matthew"]
[Result "0-1"]
[WhiteElo "1419"]
[BlackElo "1458"]

1. e4 e5 2. Nf3 Nc6 3. Nc3 Nf6 4. Bc4 Nxe4 5. Nxe4 d5 6. Nd6+ Qxd6 7. Bb3 e4 8.
Qe2 Bg4 9. h3 Bh5 10. g4 Bg6 11. Nh4 Qf6 12. Nxg6 Qxg6 13. Bxd5 O-O-O 14. Bxe4
Qe6 15. d3 Nd4 16. Qd1 Bc5 17. O-O g6 18. c3 h5 19. cxd4 Bxd4 20. Qf3 c6 21.
Be3 hxg4 22. hxg4 Kb8 23. Bxd4 Rxd4 24. b3 f5 25. Qf4+ Ka8 26. Qe3 fxe4 27. f3
Rxd3 28. Qe2 Rxf3 29. Rxf3 Qxg4+ 30. Qg2 Qxf3 31. Qxf3 exf3 32. Kf2 Rf8 33. Re1
g5 34. Rg1 Rf5 35. Re1 Kb8 36. Re8+ Kc7 37. Rg8 Kb6 38. Rg6 a5 39. a4 Kc5 40.
Rg7 b5 41. Ra7 Kb4 42. Rb7 Kxb3 43. axb5 cxb5 44. Rd7 a4 45. Rd3+ Kb2 46. Rd2+
Kb1 47. Rd3 b4 48. Rd1+ Kc2 49. Ra1 a3 50. Ra2+ Kb1 51. Rd2 a2 0-1

[Event "Autumn Cup"]
[Site "Wellington Chess Club"]
[Date "2016.04.21"]
[Round "1"]
[White "Brockway, Andrew"]
[Black "Forlong-Ford, Colwyn"]
[Result "1/2-1/2"]
[WhiteElo "1772"]
[BlackElo "1731"]

1. e4 e5 2. Nf3 Nc6 3. Bb5 Nf6 4. O-O Bd6 5. Bxc6 dxc6 6. Nc3 Bg4 7. d3 h6 8.
Be3 c5 9. Nb1 c6 10. Nbd2 b5 11. Re1 a5 12. b3 a4 13. Qe2 Qa5 14. Qd1 O-O 15.
Nf1 Qc3 16. Qd2 Qxd2 17. N3xd2 Be6 18. Ng3 Ng4 19. Ndf1 Nxe3 20. Nxe3 Rfd8 21.
Red1 g6 22. h3 Be7 23. Ng4 Bxg4 24. hxg4 Bg5 25. Ne2 Rd6 26. Nc3 a3 27. Ne2 b4
28. Rf1 Rad8 29. Rab1 Rf6 30. g3 Rfd6 31. f4 Bf6 32. f5 g5 33. Kg2 Kg7 34. Rh1
Rh8 35. Ng1 Bd8 36. Nf3 f6 37. Nd2 Rd7 38. Nc4 Bc7 39. Kf2 Rhd8 40. Ke2 Rb8 41.
Rh2 Rh8 42. Rc1 Rhd8 43. Ke3 Rd4 44. Rch1 Rh8 1/2-1/2

[Event "Autumn Cup"]
[Site "Wellington Chess Club"]
[Date "2016.04.21"]
[Round "1"]
[White "Cunningham, Patrick"]
[Black "Stracy, Don"]
[Result "0-1"]
[WhiteElo "1744"]
[BlackElo "1742"]

1. d4 Nf6 2. c4 e6 3. Nc3 Bb4 4. a3 Bxc3+ 5. bxc3 c5 6. Nf3 Nc6 7. Bg5 d5 8. e3
Qa5 9. Qb3 Ne4 10. Rc1 Nxg5 11. Nxg5 cxd4 12. cxd5 exd5 13. Bb5 O-O 14. O-O h6
15. Nf3 dxe3 16. fxe3 Be6 17. Nd4 Nxd4 18. cxd4 Rac8 19. Qb4 Qxb4 20. axb4 Rxc1
21. Rxc1 Rc8 22. Rc5 Rxc5 23. bxc5 Kf8 24. c6 bxc6 25. Bxc6 Ke7 26. Kf2 Kd6 27.
Be8 a5 28. Ke1 f6 29. Kd2 Bd7 30. Bxd7 Kxd7 31. Kc3 Kc6 32. Kb3 Kb5 33. g4 g6
34. h4 h5 35. gxh5 gxh5 36. Ka3 a4 37. Ka2 Kb4 38. Kb2 f5 39. Ka2 Kc3 40. Ka3
Kd3 41. Kxa4 Kxe3 0-1

[Event "Autumn Cup"]
[Site "Wellington Chess Club"]
[Date "2016.04.21"]
[Round "1"]
[White "Dive, Russell"]
[Black "Timergazi, Layla"]
[Result "1-0"]
[WhiteElo "2452"]
[BlackElo "2152"]

1. Nf3 Nf6 2. c4 g6 3. g3 Bg7 4. Bg2 O-O 5. O-O d6 6. Nc3 e5 7. d3 Nbd7 8. Rb1
a5 9. a3 Ne8 10. b4 f5 11. Qb3 c6 12. c5+ Kh8 13. Ng5 Qe7 14. Ne6 Nxc5 15. bxc5
a4 16. Bg5 Bf6 17. cxd6 Nxd6 18. Bxf6+ Rxf6 19. Nxa4 Bxe6 20. Qb4 Qc7 21. Nc5
Bc8 22. Rfc1 Nb5 23. Nxb7 Qxb7 24. Bxc6 1-0

[Event "Autumn Cup"]
[Site "Wellington Chess Club"]
[Date "2016.04.21"]
[Round "1"]
[White "Dixon, Hamish"]
[Black "Theodosiou, Andreas"]
[Result "1-0"]
[WhiteElo "1544"]
[BlackElo "1489"]

1. e4 e5 2. Nf3 Nc6 3. d4 d6 4. d5 Nce7 5. c4 Nf6 6. Nc3 c6 7. Be2 Bg4 8. O-O
Ng6 9. Be3 Be7 10. Qd2 O-O 11. Rad1 c5 12. h3 Bd7 13. Nh2 Qc8 14. f4 Nxf4 15.
Bxf4 exf4 16. Qxf4 h6 17. e5 dxe5 18. Qxe5 Bd8 19. Bd3 Re8 20. Qg3 Bc7 21. d6
Nh5 22. Qh4 Bxd6 23. Qxh5 f6 24. Qg6 f5 25. Qxd6 Re6 26. Qf4 Rf6 27. Nd5 Rf7
28. Qh4 Kh7 29. Ng4 Qf8 30. Ne5 g5 31. Qh5 Rg7 32. Nxd7 1-0